Piłkarze Brentford - nagła śmierć - Statystyki

Ogólne statystyki
  • Ten quiz został rozwiązany 93 razy
  • Średni wynik to 8 z 12
Answers on the Grid
Answers color-coded by a green-red scale on the quiz's grid according to % correct below.
Peter Crouch
Christian Eriksen
Kyle Walker
Ivan Toney
Ollie Watkins
Wayne Rooney
Łukasz Skorupski
Wojciech Szczesny
Matty Cash
Leon Bailey
David Raya
Bryan Mbeumo
John Obi Mikel
Jordan Henderson
Marcelo
Sergio Reguilón
Fernando Torres
Yoane Wissa
Mathias Jensen
Martin Ødegaard
Mikkel Damsgaard
Nicola Zalewski
James Milner
Kristoffer Ajer
 
Statystyki odpowiedzi
Odpowiedź % Poprawnych
Ivan Toney
87%
Christian Eriksen
83%
Bryan Mbeumo
79%
Yoane Wissa
71%
Mikkel Damsgaard
68%
Kristoffer Ajer
65%
Mathias Jensen
65%
David Raya
52%
Sergio Reguilón
52%
Wojciech Szczesny
48%
Jordan Henderson
45%
Ollie Watkins
43%
Nie znaleziono quizów pasujących do podanych kryteriów
Rozkład punktacji
Procent ludzi z każdym wynikiem
Percentyl według liczby udzielonych odpowiedzi
Twoja historia wyników
Nie rozwiązałeś tego quizu